MARC

LEADER 00000nab a2200000 a 4500
001 vtls000202856
003 SK-MaSNL
005 20260303180102.0
008 111130c1984 xo 0 slo
015 |a SNBRB19rr/mm-uuuuu 
035 |a CL0212969 
040 |a SNKBUCL  |b slo  |c SNKBUCL  |e AACR2 
041 0 |a slo 
044 |a xo  |c SK 
080 |a 882-1  |2 1981 
100 1 |a Andrejev, Vladimir  |4 aut  |9 443096 
245 1 0 |a Otcovej pamiatke  |c Vladimir Andrejev 
650 0 7 |a básne reflexívne  |2 snkbucl  |9 898242 
650 0 7 |a sovietska literatúra  |2 snkbucl  |9 22300 
655 7 |a články z novín a časopisov  |2 snkbucl  |9 267496 
655 7 |a články z odboru literárna veda a krásna literatúra  |2 snkbucl  |9 770045 
773 0 |t Hlas ľudu  |g Roč. 30, č. 259 (1. 11. 1984), s. /6/ 
850 |a Slovenská národná knižnica v Martine  |a MTA001 
852 |a SNK  |b KIS3GCP 
958 |a RK 
958 |a LX 
958 |a SU 
992 |a RBX 
999 |c 2104697  |d 2106627